[Event "SVK-ch U2400"]
[Site "Liptovsky Jan"]
[Date "2025.06.15"]
[Round "7"]
[White "Bebko, Alex"]
[Black "Holly, Michal"]
[Result "1-0"]
[WhiteElo "1721"]
[BlackElo "1426"]
[PlyCount "107"]
[EventDate "2025.06.12"]
[EventType "swiss"]
[EventRounds "8"]
[EventCountry "SVK"]
[SourceTitle "CB25_2025"]
[SourceDate "2025.06.18"]
[SourceVersion "1"]
[SourceVersionDate "2025.06.18"]
[SourceQuality "1"]

1. d4 Nf6 2. Bf4 e6 3. e3 c5 4. c3 cxd4 5. cxd4 Bb4+ 6. Nd2 d5 7. a3 Bd6 8. Bxd6 Qxd6 9. Ngf3 Nc6 10. Bd3 b6 11. 0-0 Bb7 12. Rc1 0-0 13. Qe2 a5 14. Nb1 Ne4 15. Nfd2 Nxd2 16. Nxd2 Rfc8 17. f4 f5 18. Qh5 Ba6 19. Bxa6 Rxa6 20. Qe2 Ra7 21. Qb5 Rac7 22. Qd3 Nd8 23. Rxc7 Qxc7 24. Kf2 Qc2 25. Ke2 Qxb2 26. Rb1 Qc2 27. Qxc2 Rxc2 28. Rxb6 Rc8 29. Rb5 a4 30. Ra5 Nf7 31. Rxa4 Nh6 32. h3 Kf7 33. Ra7+ Kg6 34. Kd3 Rc1 35. Ke2 Nf7 36. Ra6 Kf6 37. a4 Ra1 38. a5 g5 39. g3 Rh1 40. Nf1 Rxh3 41. Rb6 Rh6 42. a6 Rg6 43. a7 Rg8 44. Rb8 Rxb8 45. axb8Q h5 46. fxg5+ Nxg5 47. Qe5+ Ke7 48. Qg7+ Nf7 49. Kf3 Ke8 50. Kf4 Nd6 51. Nd2 Ne4 52. Nxe4 dxe4 53. Ke5 Kd8 54. Kd6 1-0

[Event "SVK-ch U16"]
[Site "Tatralandia"]
[Date "2025.05.12"]
[Round "2"]
[White "Bebko, Alex"]
[Black "Ondreicka, Roman"]
[Result "1/2-1/2"]
[WhiteElo "1735"]
[BlackElo "1917"]
[PlyCount "102"]
[EventDate "2025.05.11"]
[EventType "swiss"]
[EventRounds "9"]
[EventCountry "SVK"]
[SourceTitle "CB21_2025"]
[SourceDate "2025.05.21"]
[SourceVersion "1"]
[SourceVersionDate "2025.05.21"]
[SourceQuality "1"]

1. c4 b6 2. Nc3 Bb7 3. e3 e6 4. Nf3 Nf6 5. a3 Be7 6. Be2 0-0 7. 0-0 d5 8. d4 dxc4 9. Bxc4 Ne4 10. Nxe4 Bxe4 11. Bd3 Bxd3 12. Qxd3 Nd7 13. Rd1 Bf6 14. Qe2 Qe7 15. Bd2 c5 16. Bc3 Rac8 17. Rac1 Rfd8 18. dxc5 Bxc3 19. Rxc3 Nxc5 20. Rxd8+ Rxd8 21. Nd4 Qd7 22. f4 Ne4 23. Rc1 h6 24. Qb5 Rc8 25. Rxc8+ Qxc8 26. Qc6 Qxc6 27. Nxc6 a5 28. Kf1 Nd2+ 29. Ke2 Nc4 30. b4 a4 31. Kd3 Nxa3 32. Nd4 Kf8 33. Kc3 b5 34. Kb2 Nc4+ 35. Kc3 Nd6 36. Kd3 Ke7 37. e4 f6 38. e5 fxe5 39. fxe5 Nc4 40. Nxb5 a3 41. Nc3 Nxe5+ 42. Kd4 Nd7 43. Kc4 e5 44. Kb3 Ke6 45. Kxa3 Kf5 46. Kb3 e4 47. Ne2 Ke5 48. Kc3 Nb6 49. b5 Kd5 50. Nf4+ Ke5 51. Ne2 Kd5 1/2-1/2